[Event "MNT-ch U20"]
[Site "Cetinje"]
[Date "2011.06.18"]
[Round "2"]
[White "Popadic, Petar"]
[Black "Pekovic, Dejan"]
[Result "1/2-1/2"]
[WhiteElo "1682"]
[BlackElo "1741"]
[PlyCount "34"]
[EventDate "2011.06.17"]
[EventType "swiss"]
[EventRounds "7"]
[EventCountry "MNE"]
[SourceTitle "CBM 142 Extra"]
[Source "ChessBase"]
[SourceDate "2011.06.27"]
[SourceVersion "1"]
[SourceVersionDate "2011.06.27"]
[SourceQuality "1"]

1. e4 e5 2. Nf3 Nc6 3. Bb5 d6 4. d3 Nf6 5. Nc3 Bd7 6. 0-0 Be7 7. h3 0-0 8. Bd2 a6 9. Bxc6 bxc6 10. Ne2 h6 11. Ng3 Rb8 12. b3 Qc8 13. Nh2 Nh7 14. f4 exf4 15. Bxf4 f5 16. exf5 Bxf5 17. Nxf5 Rxf5 1/2-1/2

[Event "Tivat Vukmanovic Memorial op"]
[Site "Tivat"]
[Date "2011.04.24"]
[Round "9"]
[White "Stamatovic, Vladimir"]
[Black "Popadic, Petar"]
[Result "1-0"]
[WhiteElo "1845"]
[BlackElo "1682"]
[PlyCount "61"]
[EventDate "2011.04.16"]
[EventType "swiss"]
[EventRounds "9"]
[EventCountry "MNE"]
[SourceTitle "CBM 141 Extra"]
[Source "ChessBase"]
[SourceDate "2011.05.03"]
[SourceVersion "1"]
[SourceVersionDate "2011.05.03"]
[SourceQuality "1"]

1. e4 c5 2. Nf3 Nc6 3. Nc3 e5 4. Bc4 Be7 5. Nd5 Nf6 6. d3 d6 7. Ng5 0-0 8. Nxe7+ Qxe7 9. 0-0 h6 10. Nh3 Bxh3 11. gxh3 Qd7 12. Kg2 Rad8 13. f4 exf4 14. Bxf4 Kh7 15. Bd5 Ne7 16. c4 Nexd5 17. cxd5 Qb5 18. b3 Rfe8 19. Qf3 Qd7 20. Bd2 Re7 21. Rf2 Rg8 22. Raf1 Ne8 23. Qh5 Nf6 24. Qf3 Ne8 25. Kh1 f6 26. Qh5 Rf7 27. Rg2 Rgf8 28. Bxh6 gxh6 29. Qg6+ Kh8 30. Qxh6+ Rh7 31. Qxf8# 1-0

[Event "Tivat Vukmanovic Memorial op"]
[Site "Tivat"]
[Date "2011.04.19"]
[Round "4"]
[White "Popadic, Petar"]
[Black "Gjergji, Rozana"]
[Result "1/2-1/2"]
[WhiteElo "1682"]
[BlackElo "1957"]
[PlyCount "64"]
[EventDate "2011.04.16"]
[EventType "swiss"]
[EventRounds "9"]
[EventCountry "MNE"]
[SourceTitle "CBM 141 Extra"]
[Source "ChessBase"]
[SourceDate "2011.05.03"]
[SourceVersion "1"]
[SourceVersionDate "2011.05.03"]
[SourceQuality "1"]

1. e4 e5 2. Nf3 Nc6 3. Bb5 d6 4. Nc3 Nf6 5. d3 a6 6. Ba4 Be7 7. 0-0 0-0 8. h3 b5 9. Bb3 Na5 10. Ne2 Nxb3 11. axb3 h6 12. Bd2 Nh7 13. Ng3 f5 14. exf5 Bxf5 15. Nxf5 Rxf5 16. Qe2 Qc8 17. d4 Ng5 18. Nxg5 Bxg5 19. dxe5 Rxe5 20. Qd3 Qb7 21. Bc3 Re6 22. Qg3 Bf6 23. Bxf6 Rxf6 24. Rfe1 Raf8 25. Re7 R8f7 26. Rxf7 Kxf7 27. Re1 Qd5 28. Qe3 Re6 29. Qf4+ Rf6 30. Qe3 Qe6 31. Qc3 Qd7 32. Qd4 Qc6 1/2-1/2

[Event "Tivat Vukmanovic Memorial op"]
[Site "Tivat"]
[Date "2011.04.17"]
[Round "2"]
[White "Gaco, Sefik"]
[Black "Popadic, Petar"]
[Result "1-0"]
[WhiteElo "2060"]
[BlackElo "1682"]
[PlyCount "41"]
[EventDate "2011.04.16"]
[EventType "swiss"]
[EventRounds "9"]
[EventCountry "MNE"]
[SourceTitle "CBM 141 Extra"]
[Source "ChessBase"]
[SourceDate "2011.05.03"]
[SourceVersion "1"]
[SourceVersionDate "2011.05.03"]
[SourceQuality "1"]

1. d4 Nf6 2. Nf3 g6 3. c4 Bg7 4. Nc3 0-0 5. e3 d6 6. Be2 c5 7. 0-0 Ne8 8. dxc5 f5 9. cxd6 Nxd6 10. c5 Nf7 11. Qb3 e6 12. e4 Kh8 13. exf5 exf5 14. Bf4 Nd7 15. Rad1 Qa5 16. Na4 Nxc5 17. Nxc5 Qxc5 18. Bc4 Ne5 19. Nxe5 Qe7 20. Nf7+ Rxf7 21. Bxf7 1-0

[Event "MNT-ch U18"]
[Site "Tivat"]
[Date "2011.03.27"]
[Round "2"]
[White "Pecurica, Milos"]
[Black "Popadic, Petar"]
[Result "1-0"]
[WhiteElo "2128"]
[BlackElo "1682"]
[PlyCount "56"]
[EventDate "2011.03.26"]
[EventType "tourn"]
[EventRounds "9"]
[EventCountry "MNE"]
[SourceTitle "EXT 2020"]
[Source "ChessBase"]
[SourceDate "2019.10.17"]
[SourceVersion "1"]
[SourceVersionDate "2019.10.17"]
[SourceQuality "1"]

1. a3 e5 2. c4 Nf6 3. Nc3 a5 4. g3 c6 5. d4 exd4 6. Qxd4 Be7 7. Bg2 0-0 8. Nf3 Na6 9. Bg5 Nc7 10. e4 Ne6 11. Qd3 Nc5 12. Qe2 d6 13. Nd4 Re8 14. Be3 Ng4 15. 0-0 Nxe3 16. Qxe3 Be6 17. b4 Nd7 18. Nxe6 fxe6 19. b5 Qb6 20. Qe2 Bf6 21. Na4 Qc7 22. Rae1 Nb6 23. Nxb6 Qxb6 24. bxc6 bxc6 25. e5 dxe5 26. c5 Qc7 27. Qg4 Ra6 28. Rd1 Rd8 1-0

[Event "MNT-ch U18"]
[Site "Tivat"]
[Date "2011.03.26"]
[Round "1"]
[White "Popadic, Petar"]
[Black "Zecevic, Ivan"]
[Result "0-1"]
[WhiteElo "1682"]
[BlackElo "2022"]
[PlyCount "46"]
[EventDate "2011.03.26"]
[EventType "tourn"]
[EventRounds "9"]
[EventCountry "MNE"]
[SourceTitle "EXT 2020"]
[Source "ChessBase"]
[SourceDate "2019.10.17"]
[SourceVersion "1"]
[SourceVersionDate "2019.10.17"]
[SourceQuality "1"]

1. e4 c5 2. Nf3 Nc6 3. d4 cxd4 4. Nxd4 Nf6 5. Nc3 d6 6. Bg5 e6 7. Ndb5 a6 8. Bxf6 gxf6 9. Nd4 Bd7 10. Be2 b5 11. a3 Qb6 12. Nb3 Rc8 13. Qd2 Ne5 14. f4 Nc4 15. Bxc4 Rxc4 16. Qd3 Be7 17. a4 0-0 18. axb5 axb5 19. Rf1 Rfc8 20. Rf3 b4 21. Rh3 bxc3 22. Qg3+ Kh8 23. Qh4 Rxe4+ 0-1